| 000 | 00492nam a2200157Ia 4500 | ||
|---|---|---|---|
| 008 | 190805s9999||||xx |||||||||||||| ||und|| | ||
| 020 |
_a9781870077934 _c£ 105.00 |
||
| 082 | 0 | 4 |
_a623.862 _bC5471 |
| 100 | 1 | _aClark, I. C. | |
| 245 | 1 | 0 |
_aMooring and Anchoring Ships- Vol 1: Principles and Practice / _cI. C. Clark |
| 260 |
_aLondon : _bThe Nautical Institute, _c2009 |
||
| 300 |
_aix, 268 p. _b : col. Ill. _c; 30 cm. |
||
| 650 | 0 | _aMooring of ships | |
| 942 | _cRT | ||
| 999 |
_c141 _d141 |
||